000 01015nac a22003257a 4500
001 BR9300541
003 BR-BrBNA
005 20240105121347.0
008 230509b bl.|||m| |||| 00| 0 por d
040 _aBR-BrBNA
_bpor
_cBiblioteca Nacional de Agricultura
072 _aF30
090 _a0311 BR9300541
100 1 _aSiqueira, L.A.
100 1 _aSiqueira, E.R. de
100 1 _aDantas, M.S.F.
100 1 _aRego, G.M.
100 1 _aRibeiro, F.E.
110 1 _aCentro Nacional de Pesquisa de Coco, Aracaju, SE (Brasil)
_91760
245 1 _aAvaliacao do comportamento de coqueiros hibridos em Sergipe e norte da Bahia
260 3 _aAracaju, SE (Brasil):
_c1992.
300 _a8 p.
490 _aPesquisa em Andamento - Centro Nacional de Pesquisa de Coco (Brazil)
_vno 47
_xISSN 0102-9959
500 _a5 tables
650 _aCoco
650 _aComportamento de Variedade
650 _aSergipe
650 _aBahia
909 _a202312
_bLúcia Elande
_c55
_dLúcia Elande
942 _2AGRIS
_n0
_cMS
999 _c284861
_d284861